000 00363nam a2200133Ia 4500
008 240624s9999 xx 000 0 und d
041 _aeng
082 _a650.1 MCC
100 _aMCCORMACK MARK H
245 _aWHAT THEY DON T TEACH YOU AT HARVARD BUSINESS SCHOOL
260 _c1986
_aNew York
_bBantam Books
300 _axvi, : 256 : p. : cm. ; 22
365 _c
_b20
999 _c8117
_d8117